Computer aided data book of vapor-liquid equilibria /
Guardado en:
| Autor Principal: | |
|---|---|
| Otros Autores: | , |
| Formato: | Libro |
| Idioma: | English |
| Publicado: |
Tokyo : New York :
Kodansha Limited ; American Elsevier,
c1975.
|
| Series: | Kodansha scientific books
|
| Materias: | |
| Etiquetas: |
Agregar Etiqueta
Sin Etiquetas, Sea el primero en etiquetar este registro!
|
| LEADER | 00816nam a22002175a 4500 | ||
|---|---|---|---|
| 001 | EIQ.libpla001695 | ||
| 008 | 061205s1975####nyu######b####001#0#eng#d | ||
| 005 | 20071227165749.0 | ||
| 245 | 1 | 0 | |a Computer aided data book of vapor-liquid equilibria / |c Mitsuho Hirata, Shuzo Ohe, Kunio Nagahama. |
| 260 | |a Tokyo : |b Kodansha Limited ; |a New York : |b American Elsevier, |c c1975. | ||
| 300 | |a vii, 933, 7 p. : |b Tablas ; |c 26 cm. | ||
| 440 | 0 | |a Kodansha scientific books | |
| 504 | |a Incluye referencias bibliográficas e índice. | ||
| 020 | |a 0444998551 | ||
| 100 | 1 | |a Hirata, Mitsuho. | |
| 700 | 1 | |a Ohe, Shuzo. | |
| 700 | 1 | |a Nagahama, Kunio. | |
| 650 | 4 | |a Equilibrio vapor-líquido |x Tablas. | |
| 650 | 4 | |a Vapor-liquid equilibrium |x Tables. | |
| 040 | |a AR-BbSID |b spa |c AR-BbSID | ||
| 859 | |a AR-BbSID |b BIB. PLAPIQUI |h 541.369 |i H 52 |k R |p 437 | ||
